LEADER 01381oam 2200433zu 450 001 9910164750303321 005 20210807002054.0 010 $a0-8031-6979-5 035 $a(CKB)3170000000044532 035 $a(SSID)ssj0001490294 035 $a(PQKBManifestationID)11850596 035 $a(PQKBTitleCode)TC0001490294 035 $a(PQKBWorkID)11460160 035 $a(PQKB)11341971 035 $a(NjHacI)993170000000044532 035 $a(EXLCZ)993170000000044532 100 $a20160829d1956 uy 101 0 $aeng 135 $aur||||||||||| 181 $ctxt 182 $cc 183 $acr 200 10$aRelaxation Properties of Steels and Super-Strength Alloys at Elevated Temperatures 210 31$a[Place of publication not identified]$cAmerican Society for Testing & Materials$d1956 215 $a1 online resource 300 $aBibliographic Level Mode of Issuance: Monograph 311 $a0-8031-6543-9 606 $aCarbon steel$xCorrosion 606 $aHeat resistant alloys 615 0$aCarbon steel$xCorrosion. 615 0$aHeat resistant alloys. 676 $a620.1723 700 $aJames$b Freeman$0937635 702 $aVoorhees$b H. R. 801 0$bPQKB 906 $aBOOK 912 $a9910164750303321 996 $aRelaxation Properties of Steels and Super-Strength Alloys at Elevated Temperatures$92112044 997 $aUNINA